000 00415nam a2200169Ia 4500
003 GCL
008 140319s9999 xx 000 0 eng d
040 _aGCL /
_cGCL
082 0 4 _aCC
_b932
_bA E
100 1 _aALDRED, CYRIL
245 1 0 _aTHE EGYPTIANS /
_cALDRED, CYRIL
260 _a[S.N] :
_bTHAMES AND HUDSON ،
_c1992
300 _a216 P P
650 0 4 _aANCIENT EGYPT
650 0 4 _aHISTORY
942 _2ddc
_cBK
999 _c17699
_d17699